<?xml version="1.0" encoding="UTF-8"?>
<collection xmlns="http://www.loc.gov/MARC21/slim">
 <record>
  <leader>01917nam a2200241Ia 4500</leader>
  <controlfield tag="001">CTU_108698</controlfield>
  <controlfield tag="008">210402s9999    xx            000 0 und d</controlfield>
  <datafield tag="082" ind1=" " ind2=" ">
   <subfield code="a">976.4</subfield>
  </datafield>
  <datafield tag="082" ind1=" " ind2=" ">
   <subfield code="b">W811</subfield>
  </datafield>
  <datafield tag="100" ind1=" " ind2=" ">
   <subfield code="a">Wisler, G. Clifton</subfield>
  </datafield>
  <datafield tag="245" ind1=" " ind2="0">
   <subfield code="a">All for Texas :</subfield>
  </datafield>
  <datafield tag="245" ind1=" " ind2="2">
   <subfield code="b">a story of Texas liberation</subfield>
  </datafield>
  <datafield tag="245" ind1=" " ind2="0">
   <subfield code="c">G. Clifton Wisler</subfield>
  </datafield>
  <datafield tag="260" ind1=" " ind2=" ">
   <subfield code="a">Lincolnwood</subfield>
  </datafield>
  <datafield tag="260" ind1=" " ind2=" ">
   <subfield code="b">Jamestown Pup.</subfield>
  </datafield>
  <datafield tag="260" ind1=" " ind2=" ">
   <subfield code="c">2000</subfield>
  </datafield>
  <datafield tag="520" ind1=" " ind2=" ">
   <subfield code="a">Thomas Jefferson Byrd is used to facing new challenges. Although only 13 years old, he has already left homes in South Carolina and Alabama. Now, he finds himself in the wilderness that is the Mexican territory of Texas. While his father serves as a volunteer in the Texas army, &quot;Jeff&quot; is left with the burden of helping his mother, brothers, and sister adapt to their new home at Columbia on the Brazos River. Having grown up in Charleston and Mobile, two busy seaports, the boy has a difficult time adapting to inland farm life. Fortunately, a young neighbor, Josh Sagler, befriends Jeff. Their fathers are both in the army, and they feel a strong urge to do something to help in the struggle for Texas independence. Their chance comes when Jeff and Josh join their fathers at Fort Defiance. In the months that follow, Jeff faces his greatest challenges yet, including struggling to decide the difference between his friends and his enemies. Jamestown’s American Portraits explores the growth of different generations and cultures through the lives of young boys and girls. These titles are told from a diverse group of boys and girls, coming from different and unique backgrounds that represent America’s own diverse population, spanning from the Jamestown Settlement to the Civil Rights Movement.</subfield>
  </datafield>
  <datafield tag="650" ind1=" " ind2=" ">
   <subfield code="a">History</subfield>
  </datafield>
  <datafield tag="650" ind1=" " ind2=" ">
   <subfield code="x">Juvenile literature,Evolution</subfield>
  </datafield>
  <datafield tag="650" ind1=" " ind2=" ">
   <subfield code="y">1835-1836</subfield>
  </datafield>
  <datafield tag="650" ind1=" " ind2=" ">
   <subfield code="z">Texas</subfield>
  </datafield>
  <datafield tag="904" ind1=" " ind2=" ">
   <subfield code="i">Hiếu</subfield>
  </datafield>
  <datafield tag="980" ind1=" " ind2=" ">
   <subfield code="a">Trung tâm Học liệu Trường Đại học Cần Thơ</subfield>
  </datafield>
 </record>
</collection>
